Normal view
MARC view
- Muhsin Jamal-sup-Dr. Hajra Sadia
Entry Personal Name
001 - CONTROL NUMBER
- control field: 13911
003 - CONTROL NUMBER IDENTIFIER
- control field: NUST
005 - DATE AND TIME OF LATEST TRANSACTION
- control field: 20190320075019.0
008 - FIXED-LENGTH DATA ELEMENTS
- fixed length control field: 190320|| aca||aabn | a|a d
040 ## - CATALOGING SOURCE
- Original cataloging agency: NUST
- Transcribing agency: NUST
100 ## - HEADING--PERSONAL NAME
- Personal name: Muhsin Jamal-sup-Dr. Hajra Sadia
670 ## - SOURCE DATA FOUND
- Source citation: Work cat.: (NUST)480796: Muhsin Jamal-sup-Dr. Hajra Sadia , TH-MS-Detection of FLT-3 Internal Tandem Duplication in Patients with Acute Myeloid Leukemia, 2010
